000 00604nam a2200217Ia 4500
005 20240409142720.0
008 131103s9999 xx 000 0 und d
020 _a81 204 0030 5
040 _aLoreto College
041 _aEnglish
082 _a370.1
_bDAH
100 _aDahama, O.P
245 _aEducation and Communication for Development
_cO.P.Dahama and O.P.Bhatnagar
260 _aNew Delhi
_bOxford & IBH
_c1985
300 _axxiii,718 p.
_b ill., fig.
504 _aIncludes bibliography and index
650 _aEducation
700 _aBhatnagar, O.P.
850 _aLCBED
942 _cBK
999 _c27677
_d78156